Good old days (Record no. 75406)

MARC details
000 -LEADER
fixed length control field 01419cab a2200205 4500
001 - CONTROL NUMBER
control field L130031
008 - FIXED-LENGTH DATA ELEMENTS--GENERAL INFORMATION
fixed length control field 050616n2005 000 0 eng u
035 ## - SYSTEM CONTROL NUMBER
System control number (Sirsi) u130031
041 ## - LANGUAGE CODE
Language code of text/sound track or separate title eng
100 ## - MAIN ENTRY--PERSONAL NAME
Personal name Newman, Paul
245 ## - TITLE STATEMENT
Title Good old days
260 ## - PUBLICATION, DISTRIBUTION, ETC.
Date of publication, distribution, etc. 2005
490 ## - SERIES STATEMENT
Series statement Solicitors' Journal
Volume/sequential designation 149(23) 10 June 2005, 696-697(2)
520 ## - SUMMARY, ETC.
Summary, etc. Considers the cost implications of a refusal to mediate. Notes that the signals from the courts on cases such as "Dunnett v Railtrack PLC" ([2002] EWCA Civ 303, Abs67061) appear to be that mediation is actively encouraged but the advice falls short of compelling the parties to mediate. Further information on the subject has come from "Burchell v Bullard and others" ([2005] EWCA Civ 358, Independent 21 April 2005). Here, the judgment dealing with the subject of costs identified certain relevant factors including the continued importance of costs following the event in civil litigation and whether mediation could have played a useful role for the parties. It was also argued that a small building dispute such as this case was ideal for alternative dispute resolution.
590 ## - LOCAL NOTE (RLIN)
Local note IKA210605
650 ## - SUBJECT ADDED ENTRY--TOPICAL TERM
Topical term or geographic name entry element BURCHELL V BULLARD AND OTHERS
650 ## - SUBJECT ADDED ENTRY--TOPICAL TERM
Topical term or geographic name entry element DUNNETT V RAILTRACK PLC
690 ## - LOCAL SUBJECT ADDED ENTRY--TOPICAL TERM (OCLC, RLIN)
Topical term or geographic name as entry element MANAGEMENT-DISPUTE AVOIDANCE, MANAGEMENT AND RESOLUTION-DISPUTE MANAGEMENT AND RESOLUTION-ALTERNATIVE DISPUTE RESOLUTION-ASSISTED NEGOTIATION-MEDIATION
942 ## - ADDED ENTRY ELEMENTS (KOHA)
Suppress in OPAC 0
Holdings
Withdrawn status Lost status Source of classification or shelving scheme Damaged status Not for loan Home library Current library Shelving location Date acquired Total Checkouts Full call number Barcode Date last seen Copy number Price effective from Koha item type
    Dewey Decimal Classification     London London Journal article 16/06/2005   L130031 130031-1001 06/08/2019 1 06/08/2019 Journal article